| 000 | 00574nam a2200217Ia 4500 | ||
|---|---|---|---|
| 003 | OSt | ||
| 005 | 20220916111119.0 | ||
| 006 | a|||||r|||| 00| 0 | ||
| 007 | ta | ||
| 008 | 220915b |||||||| |||| 00| 0 eng d | ||
| 024 | _a252401 | ||
| 037 | _cTextbook | ||
| 040 |
_beng _aARTS _cARTS |
||
| 041 | _aeng | ||
| 082 | _aV73.N7<--N2, L2 | ||
| 245 | 0 | _aRadicalism and reform in the new deal | |
| 260 |
_aMenlo _bPark Addison-Wesley Publishing Company California |
||
| 650 | _aHISTORY | ||
| 942 |
_hV73.N7<--N2, L2 _cTB _2CC |
||
| 999 |
_c105813 _d105813 |
||